Statistics for U.S. History Groups of Two

Click here to take the quiz!

General Stats

  • This quiz has been taken 19,139 times
    (9,176 since last reset)
  • The average score is 21 of 38

Answer Stats

HintAnswer% Correct
First people to walk on the moonNeil Armstrong
98%
States admitted in 1959Hawaii
96%
States admitted in 1959Alaska
95%
Nicknames of ElvisThe {King} of Rock & Roll
89%
First people to walk on the moonBuzz Aldrin
84%
Most famous characters created
by Mark Twain
Huckleberry Finn
82%
Husbands of Jacqueline BouvierJohn F. Kennedy
78%
The Wright BrothersOrville
74%
Presidents who built their political
career in Illinois
Abraham Lincoln
72%
Louisiana Purchase explorersWilliam Clark
71%
Louisiana Purchase explorersMeriwether Lewis
69%
Most famous characters created by Mark TwainTom Sawyer
69%
Vice-Presidents of Richard NixonGerald R. Ford
65%
Biggest Native American tribes
starting with S
Sioux
64%
The Wright BrothersWilbur
63%
Presidents who built their political
career in Illinois
Barack Obama
61%
Husbands of Jacqueline BouvierAristotle Onassis
60%
First two Mormon leadersJoseph Smith
58%
Famous husbands of
Marilyn Monroe
Joe DiMaggio
51%
Women to appear on $1 coinsSacagawea
50%
Women to appear on $1 coinsSusan B. Anthony
47%
First two Mormon leadersBrigham Young
45%
First U.S. Revolution battlesConcord
44%
First U.S. Revolution battlesLexington
44%
Terminal cities of the Erie CanalBuffalo
44%
Nicknames of ElvisElvis the {Pelvis}
42%
Vice-Presidents of Richard NixonSpiro Agnew
41%
Black Supreme Court justicesClarence Thomas
40%
Places mentioned in "Marines' Hymn"Shores of {Tripoli}
37%
Places mentioned in
"Marines' Hymn"
Halls of {Montezuma}
36%
Black Supreme Court justicesThurgood Marshall
35%
Famous husbands of Marilyn MonroeArthur Miller
33%
Dueling ironclad ships of the
U.S. Civil War
Monitor
27%
Dueling ironclad ships of the U.S. Civil WarMerrimack
27%
Monopolies broken up by the
U.S. government
Standard Oil
26%
Monopolies broken up by the U.S. governmentAT&T
25%
Terminal cities of the Erie CanalAlbany
24%
Biggest Native American tribes starting with SSeminole
23%

Score Distribution

Percentile by Number Answered

Percent of People with Each Score

Your Score History

You have not taken this quiz since the last reset